Представление документа в формате MARC21

ПолеНазваниеЗначение
  Тип записи a
  Библиографический уровень m
001 Контрольный номер RU/URAIT/590554
005 Дата корректировки 20260429163640.7
008 Кодируемые данные 260429s2026 RU y f j 000 0 rus u
020 Индекс ISBN __
a ISBN 978-5-534-19505-7
c Цена, тираж 1679.00
040 Источник каталогиз. __
a Служба первич. каталог. ИКО Юрайт
c Служба, преобразующая запись ИКО Юрайт
e Правила каталог. RCR
041 Код языка издания __
a Код языка текста rus
044 Код страны публикации __
a Код страны публикации RU
080 Индекс УДК __
a Индекс УДК 004.41(075.8)
084 Индекс другой классификации/Индекс ББК __
2 Источник индекса rubbk
a Индекс другой классификации/Индекс ББК 32.973.202я73
100 Автор __
a Автор Грекул В. И.
q Полное имя Грекул Владимир Иванович
245 Заглавие __
a Заглавие Проектирование информационных систем
b Продолж. заглавия учебник и практикум для вузов
c Ответственность В. И. Грекул, Н. Л. Коровкина, Г. А. Левочкина.
250 Сведения об издании __
g пер. и доп
a Основные сведения об издании 2-е изд.
256 Характеристики компьютерного файла __
a Характеристики компьютерного файла Электрон. дан.
260 Выходные данные __
a Место издания Москва
b Издательство Юрайт
c Дата издания 2026
300 Физическое описание __
a Объем 404 с
440 Серия __
a Серия Высшее образование
500 Примечания __
a Примечание URL: https://urait.ru/bcode/590554 (дата обращения: 29.04.2026).
520 Аннотация __
a Аннотация В данном курсе проектирование информационных систем рассматривается как неотъемлемая часть формирования архитектуры предприятия. Представлены современные методики создания информационной системы как фрагмента общей архитектуры предприятия. Рассмотрены российские и международные стандарты, определяющие организацию работ по созданию информационных систем. Изложение теоретического материала сопровождается иллюстрациями, кейсами и примерами из реальных проектов, что обеспечивает качественное и практико-ориентированное освоение дисциплины. Для студентов, обучающихся по техническим и экономическим направлениям и специальностям. Может представлять интерес для научных работников, преподавателей и практикующих специалистов.
538 Прим. о системных особенностях __
a Прим. о системных особенностях Режим доступа: Электронно-библиотечная система Юрайт, для авториз. пользователей
653 Ключевые слова __
a Ключевые слова Информационные системы и технологии
653 Ключевые слова __
a Ключевые слова Компьютерные и информационные науки
653 Ключевые слова __
a Ключевые слова Администрирование информационных систем
653 Ключевые слова __
a Ключевые слова Проектирование информационных систем
653 Ключевые слова __
a Ключевые слова Архитектура информационных систем
653 Ключевые слова __
a Ключевые слова Математические основы информационных систем
653 Ключевые слова __
a Ключевые слова Администрирование в информационных системах
653 Ключевые слова __
a Ключевые слова Администрирование сетей
653 Ключевые слова __
a Ключевые слова Разработка, администрирование и защита баз данных
653 Ключевые слова __
a Ключевые слова Информационные системы в управлении предприятием
653 Ключевые слова __
a Ключевые слова Типы информационных систем и их администрирование
653 Ключевые слова __
a Ключевые слова Администрирование вычислительных сетей
653 Ключевые слова __
a Ключевые слова Администрирование компьютерных сетей
653 Ключевые слова __
a Ключевые слова Администрирование вычислительных систем
653 Ключевые слова __
a Ключевые слова Инструменты администрирования баз данных
653 Ключевые слова __
a Ключевые слова Методы и средства администрирования информационных систем
653 Ключевые слова __
a Ключевые слова Администрирование информационно-вычислительных систем
653 Ключевые слова __
a Ключевые слова Администрирование вычислительных систем и сетей
653 Ключевые слова __
a Ключевые слова Администрирование систем
653 Ключевые слова __
a Ключевые слова Информационные системы и технологии в научных исследованиях в области методики преподавания математики
653 Ключевые слова __
a Ключевые слова Администрирование и безопасность программно-информационных систем
653 Ключевые слова __
a Ключевые слова Администрирование и защита баз данных
653 Ключевые слова __
a Ключевые слова Администрирование в информационно-коммуникационных системах
653 Ключевые слова __
a Ключевые слова Администрирование информационных систем и сетей
653 Ключевые слова __
a Ключевые слова Основы проектирования информационных систем
653 Ключевые слова __
a Ключевые слова Администрирование ИС
653 Ключевые слова __
a Ключевые слова Конфигурирование и администрирование информационных систем
653 Ключевые слова __
a Ключевые слова Администрирование в ИС
653 Ключевые слова __
a Ключевые слова Проектирование и администрирование информационных систем
653 Ключевые слова __
a Ключевые слова Администрирование компьютерных систем
653 Ключевые слова __
a Ключевые слова Администрирование информационных сетей и систем
653 Ключевые слова __
a Ключевые слова Администрирование систем и сетей
653 Ключевые слова __
a Ключевые слова Администрирование информационных систем и баз данных
653 Ключевые слова __
a Ключевые слова Администрирование в инфокоммуникационных системах
653 Ключевые слова __
a Ключевые слова Управление и администрирование информационных систем
653 Ключевые слова __
a Ключевые слова Администрирование вычислительных кластеров
653 Ключевые слова __
a Ключевые слова Проектирование, разработка и администрирование баз данных
653 Ключевые слова __
a Ключевые слова Программирование и администрирование устройств связи
653 Ключевые слова __
a Ключевые слова Администрирование ресурсов информационных систем
653 Ключевые слова __
a Ключевые слова Администрирование и сопровождение информационных систем
653 Ключевые слова __
a Ключевые слова Администрирование информационных сетей
653 Ключевые слова __
a Ключевые слова Сетевое администрирование медицинских информационных систем
653 Ключевые слова __
a Ключевые слова Администрирование информационных систем в производстве
653 Ключевые слова __
a Ключевые слова Администрирование баз данных и информационных систем
653 Ключевые слова __
a Ключевые слова Администрирование сетей ЭВМ
653 Ключевые слова __
a Ключевые слова Проектирование информационных систем предприятий
653 Ключевые слова __
a Ключевые слова Администрирование вычислительных сетей и систем
653 Ключевые слова __
a Ключевые слова Администрирование и программирование
653 Ключевые слова __
a Ключевые слова Администрирование и обслуживание информационных сетей
653 Ключевые слова __
a Ключевые слова Информационные системы в перерабатывающей промышленности
653 Ключевые слова __
a Ключевые слова Основы администрирования баз данных
653 Ключевые слова __
a Ключевые слова Администрирование инфокоммуникационных систем
653 Ключевые слова __
a Ключевые слова Администрирование и развертывание информационных систем
653 Ключевые слова __
a Ключевые слова Инструментальные средства и технологии администрирования инфокоммуникационных систем
700 Другие авторы __
a Другие авторы Коровкина Н. Л.
q Полное имя Коровкина Нина Леонидовна
700 Другие авторы __
a Другие авторы Левочкина Г. А.
q Полное имя Левочкина Галина Александровна
856 Электронный адрес документа 40
n Местонахождение сервера Юрайт
g Электронная книга
q Тип электронного формата html
h Имя пользователя ЮРАЙТ
v Часы доступа к ресурсу 20271231
2 Способ доступа Показать документ
x Служебное примечание https://urait.ru/book/cover/7C6CA388-4EEF-4438-A7C2-CB1C21BE858C
u URL https://urait.ru/bcode/590554
856 Электронный адрес документа 48
q Тип электронного формата cover
u URL https://urait.ru/book/cover/7C6CA388-4EEF-4438-A7C2-CB1C21BE858C
911 __
u 0030=https://urait.ru/bcode/590554
911 __
u 073a=9785534195057
u 073d=1679.00
911 __
u 106a=s
911 __
u 900l=
952 Тип литературы __
i Дисциплина Администрирование информационных систем
952 Тип литературы __
i Дисциплина Проектирование информационных систем
952 Тип литературы __
i Дисциплина Архитектура информационных систем
952 Тип литературы __
i Дисциплина Математические основы информационных систем
952 Тип литературы __
i Дисциплина Администрирование в информационных системах
952 Тип литературы __
i Дисциплина Администрирование сетей
952 Тип литературы __
i Дисциплина Разработка, администрирование и защита баз данных
952 Тип литературы __
i Дисциплина Информационные системы в управлении предприятием
952 Тип литературы __
i Дисциплина Типы информационных систем и их администрирование
952 Тип литературы __
i Дисциплина Администрирование вычислительных сетей
952 Тип литературы __
i Дисциплина Администрирование компьютерных сетей
952 Тип литературы __
i Дисциплина Администрирование вычислительных систем
952 Тип литературы __
i Дисциплина Инструменты администрирования баз данных
952 Тип литературы __
i Дисциплина Методы и средства администрирования информационных систем
952 Тип литературы __
i Дисциплина Администрирование информационно-вычислительных систем
952 Тип литературы __
i Дисциплина Администрирование вычислительных систем и сетей
952 Тип литературы __
i Дисциплина Администрирование систем
952 Тип литературы __
i Дисциплина Информационные системы и технологии в научных исследованиях в области методики преподавания математики
952 Тип литературы __
i Дисциплина Администрирование и безопасность программно-информационных систем
952 Тип литературы __
i Дисциплина Администрирование и защита баз данных
952 Тип литературы __
i Дисциплина Администрирование в информационно-коммуникационных системах
952 Тип литературы __
i Дисциплина Администрирование информационных систем и сетей
952 Тип литературы __
i Дисциплина Основы проектирования информационных систем
952 Тип литературы __
i Дисциплина Администрирование ИС
952 Тип литературы __
i Дисциплина Конфигурирование и администрирование информационных систем
952 Тип литературы __
i Дисциплина Администрирование в ИС
952 Тип литературы __
i Дисциплина Проектирование и администрирование информационных систем
952 Тип литературы __
i Дисциплина Администрирование компьютерных систем
952 Тип литературы __
i Дисциплина Администрирование информационных сетей и систем
952 Тип литературы __
i Дисциплина Администрирование систем и сетей
952 Тип литературы __
i Дисциплина Администрирование информационных систем и баз данных
952 Тип литературы __
i Дисциплина Администрирование в инфокоммуникационных системах
952 Тип литературы __
i Дисциплина Управление и администрирование информационных систем
952 Тип литературы __
i Дисциплина Администрирование вычислительных кластеров
952 Тип литературы __
i Дисциплина Проектирование, разработка и администрирование баз данных
952 Тип литературы __
i Дисциплина Программирование и администрирование устройств связи
952 Тип литературы __
i Дисциплина Администрирование ресурсов информационных систем
952 Тип литературы __
i Дисциплина Администрирование и сопровождение информационных систем
952 Тип литературы __
i Дисциплина Администрирование информационных сетей
952 Тип литературы __
i Дисциплина Сетевое администрирование медицинских информационных систем
952 Тип литературы __
i Дисциплина Администрирование информационных систем в производстве
952 Тип литературы __
i Дисциплина Администрирование баз данных и информационных систем
952 Тип литературы __
i Дисциплина Администрирование сетей ЭВМ
952 Тип литературы __
i Дисциплина Проектирование информационных систем предприятий
952 Тип литературы __
i Дисциплина Администрирование вычислительных сетей и систем
952 Тип литературы __
i Дисциплина Администрирование и программирование
952 Тип литературы __
i Дисциплина Администрирование и обслуживание информационных сетей
952 Тип литературы __
i Дисциплина Информационные системы в перерабатывающей промышленности
952 Тип литературы __
i Дисциплина Основы администрирования баз данных
952 Тип литературы __
i Дисциплина Администрирование инфокоммуникационных систем
952 Тип литературы __
i Дисциплина Администрирование и развертывание информационных систем
952 Тип литературы __
i Дисциплина Инструментальные средства и технологии администрирования инфокоммуникационных систем